|
|
|
|
| LEADER |
00000nam a22000007a 4500 |
| 005 |
20210429222446.0 |
| 007 |
cr|||| |||| |
| 008 |
210429s2011 co |||||s|||| 00||0 spa d |
| 020 |
|
|
|a 978-958-665-209-4
|
| 035 |
|
|
|a 33198
|
| 040 |
|
|
|a vLex
|
| 090 |
|
|
|c 11567
|d 11567
|
| 100 |
1 |
|
|a Motta, Carlos
|
| 245 |
1 |
0 |
|a Nosotros que sentimos diferente
|h [Recurso electrn̤ico] /
|c Carlos Motta, Cristina Motta
|
| 256 |
|
|
|a Servicio en ln̕ea
|
| 260 |
|
|
|a Bogot:̀
|b Siglo del Hombre Editores,
|c 2011
|
| 300 |
|
|
|a 1 recurso electrn̤ico
|
| 500 |
|
|
|a Este libro aborda temas crt̕icos de la cultura contemporǹea Queer y presenta entrevistas con cincuenta acadm̌icos, activistas, radicales e investigadores de Colombia, Noruega, Corea del Sur y Estados Unidos acerca de la historia y el desarrollo de las polt̕icas LGBTIQQ (Lesbian, Gay, Bisexual, Trans, Intersex, Queer y Questioning). Asimismo, discute las nociones de diferencia sexual, igualdad, ciudadana̕ y democracia en relacin̤ con la orientacin̤ sexual y la identidad de gňero. Libro en coedicin̤ con la Red Latinoamericana de acadm̌icos del derecho (Red ALAS).
|
| 506 |
1 |
|
|a Disponible solo en los productos indicados
|d vLex Global
|d vLex Global (Academic Edition, excluding Law Schools)
|d vLex Global (U.S. Academic Edition, Law Schools)
|d vLex Global (U.S. Academic Edition, excluding Law Schools)
|d vLex Global (Academic Edition, Law Schools)
|
| 650 |
0 |
4 |
|a Ciencias sociales
|z Colombia
|
| 650 |
0 |
4 |
|a Humanidades
|z Colombia
|
| 740 |
0 |
|
|a vLex Libros (Servicio en ln̕ea)
|
| 856 |
|
|
|u https://vlex.com/source/nosotros-que-sentimos-diferente-33198
|z Acceso restringido
|
| 942 |
|
|
|c BOOK
|
| 999 |
0 |
|
|a Social Sciences
|
| 999 |
0 |
|
|a Humanities
|